Представление документа в формате RUSMARC

ПолеНазваниеЗначение
  Тип записи a
  Библиографический уровень a
001 Контрольный номер RU/CBS_Ul/BASE/482242009
005 Дата корректировки 20240209175147.3
100 Данные общей обработки __
a Данные общей обработки 20150413d2015 ||| 0rusy0189 ca
101 Язык документа 0_
a Язык текста rus
102 Страна публикации __
a Страна публикации RU
105 Кодированные данные (монография) __
a Кодированные данные (монография) y###||||000|y
200 Заглавие и сведения об ответственности 1_
a Заглавие Гений адаптации
b Общее обозначение материала Текст
e Сведения, относящиеся к заглавию [о еноте]
f Первые сведения об ответственности Е. Тимонова
300 Общие примечания __
a Общие примечания Ограничения по возрасту - 12+
461 Уровень набора _0
1 2000
a Вокруг света
463 Уровень физической единицы _0
1 001RU/CBS_Ul/BASE/482235780
1 2000
a № 1
v С. 112-117 : фото.
1 210
d 2015
606 Тематические рубрики __
a Основная рубрика Еноты - Адаптация
610 Ключевые слова 0_
a Ключевые слова еноты
610 Ключевые слова 0_
a Ключевые слова адаптация животных
a Ключевые слова семейство енотовых
610 Ключевые слова 0_
a Ключевые слова животные
a Ключевые слова млекопитающие
610 Ключевые слова 0_
a Ключевые слова хищные млекопитающие
a Ключевые слова хордовые
686 Индексы других классификаций __
a Классификационный индекс 28.693.36
2 Код системы ББК
686 Индексы других классификаций __
a Классификационный индекс 28.673
2 Код системы ББК
700 Автор _1
a Фамилия Тимонова
b Имя (инициалы) Е.
801 Источник записи _0
a Страна RU
b Организация МБУК ЦБС г. Ульяновска
c Дата составления 20150413
g Правила каталогизации RCR
801 Источник записи _1
a Страна RU
b Организация МБУК ЦБС г. Ульяновска
c Дата составления 20150413
g Правила каталогизации RCR
901 Тип документа __
t Тип документа b
w Контрольный № источника RU/CBS_Ul/BASE/482235780
910 Корректоры записи __
a Корректор записи Библиотека 6
938 Служебная информация __
a Имя БД period